00542nam a2200157 a 450000100100000000500170001000800410002702000180006804000250008610000390011124500740015026000680022430000210029250000420031370000290035500004038320201002034110.0130823s2007 mx 000 0 spa d a9789703251315 aDO-SdBNPbspacBNPHU1 aHuxley, Aldous Leonard,d1894-196310aHagas lo que hagas /cAldous Huxley ; introducción Ignacio Solares. aMéxico :bUniversidad Nacional Autónoma de México,c2007. a274 p. ;c21 cm. aIncluye notas al pie de las páginas1 aSolares, Ignacio,d1945-